| 000 | 01380nam0a22003131 4500 | ||
|---|---|---|---|
| 001 | rc\4178186 | ||
| 005 | 20260601080246.0 | ||
| 035 | _a(NLR Aleph) 008000151 | ||
| 090 |
_a8634399 _c8634399 |
||
| 100 | _a20130415d1946 |||y0rusy50 ca | ||
| 101 | 0 | _arus | |
| 102 | _aRU | ||
| 105 | _ay z ||||| | ||
| 200 | 1 |
_aПрожекторное зондирование как метод исследования стратификации атмосферы _e(Представлено акад. С.И. Вавиловым 10/V-1946) |
|
| 210 |
_aБ. м. _cБ. и. _d1946 |
||
| 215 |
_a711-714 с. _cграф. _d26 |
||
| 225 | 1 | _aГеофизика | |
| 300 | _aБез тит. л. Описано по 1-й с. текста | ||
| 300 | _aОтт. из: "Доклады Акад. наук СССР. Новая сер. 1946. Т. 53, № 8". С. 711-714, с граф. | ||
| 300 | _aНа обл. только загл. журн. и указание отт. | ||
| 320 | _aБиблиогр.: Цитированная литература: с. 714 | ||
| 700 | 1 |
_aСмирнов _bИ.П. _f1906- _gИван Петрович |
|
| 702 | 1 |
_4570 _7ca _8rus _aВавилов _bС. И. _f1891-1951 _gСергей Иванович _9126035 _3RU\NLR\AUTH\7716395 |
|
| 801 | 0 |
_aRU _bNLR _gpsbo |
|
| 801 | 1 |
_aRU _bELAR _2rusmarc |
|
| 852 |
_aNLR _jГн10 Г-8/72 |
||
| 942 | _cBOOK | ||
| 980 | _aNB | ||